| 000 | 00489nam a2200169Ia 4500 | ||
|---|---|---|---|
| 999 |
_c12861 _d12861 |
||
| 003 | OSt | ||
| 005 | 20201110121956.0 | ||
| 008 | 190216s9999||||xx |||||||||||||| ||und|| | ||
| 040 | _coclc | ||
| 082 |
_a823.912 _bVER/V |
||
| 100 |
_aVerma, C D _96232 |
||
| 245 | 0 |
_aVirginia Woolf Mrs Dalloway / _cC D Verma |
|
| 260 |
_bAarti Book Centre, _c1972. _aNew delhi: |
||
| 300 | _a212p | ||
| 650 | _aEnglish Literature | ||
| 942 |
_cBK _2ddc _h823.912 _iVER/D _k823.912 _mVER/D |
||